000
00281nam a2200109Ia 4500
008
190911s9999||||xx |||||||||||||| ||und||
100
_a
Moulana Abdul Haq
245
0
_a
Hadees-i- Nabvi (S.A.W.W) Aur Sianci Uloom
260
_a
Karachi
_b
Royal Book
_c
2014
300
_a
328
942
_c
BK
999
_c
6837
_d
6837